[Event "Warren Decemb op"]
[Site "Warren"]
[Date "2003.12.13"]
[Round "2"]
[White "Samuel, Roland"]
[Black "Bailey, Gregory E"]
[Result "1-0"]
[WhiteElo "1523"]
[BlackElo "1900"]
[PlyCount "67"]
[EventDate "2003.12.13"]
[EventType "swiss (rapid)"]
[EventRounds "6"]
[EventCountry "USA"]
[SourceTitle "EXT 2008"]
[Source "ChessBase"]
[SourceDate "2007.11.25"]
[SourceVersion "1"]
[SourceVersionDate "2007.11.25"]
[SourceQuality "1"]

1. c4 Nf6 2. Nc3 e6 3. g3 Be7 4. Bg2 0-0 5. e3 d5 6. cxd5 exd5 7. d4 b6 8. Nge2 Bb7 9. 0-0 c6 10. e4 dxe4 11. Nxe4 Nxe4 12. Bxe4 Nd7 13. Bf4 Nf6 14. Bg2 Nd5 15. Re1 Nxf4 16. Nxf4 Bf6 17. Re2 Qxd4 18. Rd2 Qb4 19. a3 Qb5 20. Qg4 Rad8 21. Rc2 Rd6 22. Re1 Bc8 23. Qf3 c5 24. Nd5 Rfd8 25. Rce2 h6 26. Ne7+ Bxe7 27. Rxe7 Rf8 28. Qh5 Qxb2 29. Bd5 Be6 30. Bxe6 fxe6 31. Re2 Qxa3 32. Qe5 Qc1+ 33. Kg2 Qd1 34. Qxg7# 1-0

[Event "Detroit op"]
[Site "Detroit"]
[Date "2003.02.15"]
[Round "4"]
[White "Hershberger, Kent"]
[Black "Samuel, Roland"]
[Result "1-0"]
[WhiteElo "1615"]
[BlackElo "1535"]
[PlyCount "56"]
[EventDate "2003.02.15"]
[EventType "swiss"]
[EventRounds "4"]
[EventCountry "USA"]
[SourceTitle "EXT 2007"]
[Source "ChessBase"]
[SourceDate "2006.11.23"]
[SourceVersion "1"]
[SourceVersionDate "2006.11.23"]
[SourceQuality "1"]

1. e4 c5 2. Nf3 d6 3. d4 cxd4 4. Nxd4 Nf6 5. Nc3 a6 6. Bd3 e6 7. Be3 Be7 8. 0-0 0-0 9. f4 Nc6 10. Nxc6 bxc6 11. e5 Nd5 12. Nxd5 cxd5 13. Qh5 g6 14. Qh6 Re8 15. Qh3 dxe5 16. fxe5 Bf8 17. Rf3 Qc7 18. Raf1 Re7 19. Kh1 Qxe5 20. Bc5 Rc7 21. Bxf8 Kxf8 22. Qxh7 Qg7 23. Qxg6 e5 24. Qd6+ Re7 25. Rxf7+ Qxf7 26. Rxf7+ Kxf7 27. Qxd5+ Kf6 28. Qxa8 Bb7 1-0

[Event "Motor City op"]
[Site "Warren"]
[Date "2002.12.01"]
[Round "7"]
[White "Samuel, Roland"]
[Black "Bailey, Gregory E"]
[Result "1-0"]
[WhiteElo "1339"]
[BlackElo "1956"]
[PlyCount "57"]
[EventDate "2002.11.29"]
[EventType "swiss"]
[EventRounds "7"]
[EventCountry "USA"]
[SourceTitle "EXT 2009"]
[Source "ChessBase"]
[SourceDate "2008.11.26"]
[SourceVersion "1"]
[SourceVersionDate "2008.11.26"]
[SourceQuality "1"]

1. e4 e6 2. d4 d5 3. e5 c5 4. c3 Bd7 5. Nf3 Nc6 6. Be3 c4 7. Be2 b5 8. 0-0 a5 9. Nfd2 b4 10. f4 g6 11. g4 f5 12. gxf5 exf5 13. Bf3 Nge7 14. Qe2 Be6 15. Qg2 Qb6 16. Re1 Qb5 17. a4 bxa3 18. Nxa3 Qxb2 19. Naxc4 Qxc3 20. Nd6+ Kd7 21. Rac1 Qd3 22. Nb7 Nc8 23. Bxd5 Nxd4 24. Bxe6+ Kxe6 25. Nd8+ Ke7 26. Qxa8 Nb6 27. Rc7+ Ke8 28. Qb8 Nd5 29. Nc6# 1-0